Statistics for Provinces of Algeria Map Quiz

Click here to take the quiz!

General Stats

  • This quiz has been taken 382 times
  • The average score is 16 of 48

Answers on the Map

Answers color-coded by a green-red scale on the quiz's map according to % correct below.
 

Answer Stats

Answer% Correct
Algiers
62%
Adrar
60%
Tamanghasset
50%
Bajaaa
45%
Tlemcen
44%
Oran
43%
Tizi Ouzou
42%
Bachar
39%
Blida
39%
Chlef
38%
Djelfa
38%
Laghouat
38%
Annaba
36%
Tindouf
36%
Batna
35%
Biskra
35%
Boumerdas
35%
Constantine
35%
Illizi
35%
Ouargla
35%
El Oued
34%
Mostaganem
34%
Skikda
34%
Bouara
33%
Jijel
33%
Oum el-Bouaghi
32%
Satif
32%
Aan Tamouchent
31%
El Bayadh
31%
El Taref
31%
Sidi Bel Abbas
31%
Tabessa
31%
Bordj Bou Arraridj
30%
Madaa
30%
Ghardaaa
29%
Guelma
29%
M'sila
29%
Naama
29%
Tiaret
29%
Tipaza
29%
Aan Defla
28%
Khenchela
27%
Mascara
27%
Saada
26%
Tissemsilt
25%
Mila
24%
Relizane
24%
Souk Ahras
24%

Score Distribution

Percentile by Number Answered

Percent of People with Each Score

Your Score History

You have not taken this quiz